000 00546nam a22002057a 4500
003 OSt
005 20140310182931.0
008 130131t xxu||||| |||| 00| 0 eng d
020 _a9710859471
050 _aPN 4121
_b.F634 1998
082 _aFIL 808.5
_bF65 1998
245 _aEffective speech communication
_cFlores, Carmelita S.
260 _aMetro Manila
_bNational Book Store
_cc1998
300 _a382 p.
_c24 cm.
521 _acollege students
526 _c1210L-1700L
541 _j1
562 _e1
942 _2lcc
_cBK
_kFIL
999 _c17531
_d17531